HVAC design portfolio

محفوظ في:
التفاصيل البيبلوغرافية
المؤلف الرئيسي: Bell, Arthur A., Jr.
التنسيق: كتاب
اللغة:English
منشور في: New York : McGraw-Hill, 2003.
الموضوعات:
الوسوم: إضافة وسم
لا توجد وسوم, كن أول من يضع وسما على هذه التسجيلة!
Thư viện lưu trữ: Mạng thư viện Đại học Đà Nẵng
LEADER 01385cmm a2200409 a 4500
001 000043360
003 1319
005 20060110140929.0
008 010217b2003 vm 000 eng
020 |a P/N 142188-2 
040 |a LRC  |c LRC  |d LRC 
041 0 |a eng 
082 1 4 |a 697  |2 22  |b BE-A 
100 1 |a Bell, Arthur A.,  |c Jr. 
245 1 0 |a HVAC design portfolio  |h [Computer file - Đĩa máy tính] /  |c Arthur A. Bell. 
246 3 3 |a CD-ROM to accompany HVAC design portfolio. 
260 |a New York :  |b McGraw-Hill,  |c 2003. 
300 |a 1 CD-ROM ;  |c 4 3/4 in. +  |e 1 book (vii, 967 p. :  |b ill. ;  |c 27,5 cm.). 
500 |a Title from title screen. 
630 0 4 |a Heating. 
630 0 4 |a Ventilation. 
630 0 4 |a Air conditioning. 
650 0 4 |a Heating  |v Charts, diagrams, etc. 
650 0 4 |a Ventilation  |v Charts, diagrams, etc. 
650 0 4 |a Air conditioning  |v Charts, diagrams, etc. 
OWN |a DUT 
AVA |a UDN50  |b DUT  |c Visual  |d 697 BE-A  |e available  |t Error 5001 Not defined in file expand_doc_bib_avail.  |f 1  |g 0  |h N  |i 0  |j AV  |k 1 
999 |a From the UDN01 
AVA |a UDN50  |b DUT  |c Visual  |d 697 BE-A  |e available  |t Error 5001 Not defined in file expand_doc_bib_avail.  |f 1  |g 0  |h N  |i 0  |j AV  |k 1 
TYP |a Computer file 
TYP |a Monograph 
980 |a Mạng thư viện Đại học Đà Nẵng